Kritická analýza vývoja súčasného svetového kapitalistického hospodárstva Vybrané problémy. Čiastková úloha. ŠPZV 9-2-6/2

Enregistré dans:
Détails bibliographiques
Auteur principal: Bachár, Vladislav
Format: Livre
Langue:slovaque
Publié: Bratislava Ekon. ústav SAV 1987
Édition:1. vyd.
Collection:Výskumné práce Č.74
Tags: Ajouter un tag
Pas de tags, Soyez le premier à ajouter un tag!

MARC

LEADER 00000nam a2200000 4500
001 c023388
005 20221128073232.3
041 0 |a slo 
044 |a SK 
245 1 0 |a Kritická analýza vývoja súčasného svetového kapitalistického hospodárstva  |b Vybrané problémy. Čiastková úloha. ŠPZV 9-2-6/2  |c Vladislav Bachár 
250 |a 1. vyd. 
264 1 |a Bratislava  |b Ekon. ústav SAV  |c 1987 
300 |a 99 s. 
490 1 |a Výskumné práce  |v Č.74 
830 0 |a Výskumné práce  |v Č.74 
100 1 |a Bachár, Vladislav